Statistics for Top 15 Marvel Movies

Click here to take the quiz!

General Stats

  • This quiz has been taken 27 times
  • The average score is 11 of 15

Answer Stats

Answer % Correct
#2Avengers: Endgame
96%
#1Avengers: Infinity War
91%
#4Iron Man
91%
#6The Avengers
91%
#15Captain America: The First Avenger
91%
#9Black Panther
83%
#13Ant-Man
78%
#3Captain America: The Winter Soldier
74%
#7Guardians of the Galaxy
74%
#5Thor: Ragnarok
70%
#10Captain America: Civil War
70%
#12Iron Man 3
70%
#8Spider-Man: Homecoming
61%
#11Doctor Strange
57%
#14Spider-Man: Far From Home
52%

Score Distribution

Percentile by Number Answered

Percent of People with Each Score

Your Score History

You have not taken this quiz